| 000 | 00428nam a2200145 4500 | ||
|---|---|---|---|
| 020 | _a 9783642199592 | ||
| 040 | _cNust | ||
| 082 |
_a629.892 _bROB |
||
| 100 |
_aTarn jong,-Tzyh _9124301 |
||
| 110 |
_aChen Ben,-Shan, Fang,Ju _9124302 |
||
| 245 | _aRobotic Welding,Intelligence and automation | ||
| 260 |
_aBerlin: _bSpringer Inc, _c2011. |
||
| 650 |
_aRobotic Welding,Intelligence and automation _9124303 |
||
| 942 |
_2ddc _cBK |
||
| 999 |
_c610202 _d610202 |
||